Derechos y sociedad en la filosofía analítica.
Guardat en:
| Autor principal: | |
|---|---|
| Altres autors: | |
| Format: | Llibre |
| Publicat: |
Santiago, Chile:
Ediciones Departamento de Estudios Humanísticos,
1976.
|
| Edició: | Primera edición. |
| Matèries: | |
| Etiquetes: |
Afegir etiqueta
Sense etiquetes, Sigues el primer a etiquetar aquest registre!
|
MARC
| LEADER | 00000nam a22000007a 4500 | ||
|---|---|---|---|
| 003 | CL-VaPUC | ||
| 005 | 20241217160045.0 | ||
| 008 | 220715t1976 ||||| |||| 00| 0 eng d | ||
| 999 | |c 437090 |d 437088 | ||
| 040 | |c Pontificia Universidad Católica de Valparaíso | ||
| 082 | 7 | |a 101 MCC 1976 |2 22 | |
| 100 | 1 | |a McCloskey, H.J.. |e autor |9 873007 | |
| 245 | |a Derechos y sociedad en la filosofía analítica. | ||
| 250 | |a Primera edición. | ||
| 260 | |a Santiago, Chile: |b Ediciones Departamento de Estudios Humanísticos, |c 1976. | ||
| 300 | |a 149 páginas. | ||
| 500 | |a c.1 Donación Familia Prof. Alejandro Guzmán Brito. | ||
| 583 | |c 20220715 |k Cristina María Rojas Aguilar | ||
| 650 | |a Filosofía moderna |9 258121 | ||
| 650 | |a Jurisprudencia sociológica. |9 873066 | ||
| 650 | |a Sociología jurídica |9 873067 | ||
| 700 | |a Quintana Bravo, Fernando |e traducción |9 873008 | ||
| 942 | |2 ddc |c BK |n 0 | ||
| 952 | |0 0 |1 0 |2 ddc |4 0 |6 101_000000000000000_MCC_1976 |7 0 |8 C_AGB |9 584835 |a BIBDER |b BIBDER |d 2022-07-15 |e Donación |i 5652963 |o 101 MCC 1976 |p 5652963 |r 2023-01-25 |t 1 |w 2022-07-15 |y BK_US |k AGB | ||